| 000 | 00767nam a2200229 a 4500 | ||
|---|---|---|---|
| 001 | 12095 | ||
| 003 | BD-RjUL | ||
| 005 | 20211208235232.0 | ||
| 008 | 140128s2003 bg a b 001 0 eng | ||
| 020 |
_a9840743821 _c : Tk. 250.00 |
||
| 035 | _a(BD-RjUL)12144 | ||
| 040 |
_aDLC _cDLC _dBD-RjUL _beng |
||
| 041 | _aeng | ||
| 082 |
_223 _a512 _bRAU 2003 |
||
| 100 | 1 |
_aরশীদ, হারুন _9166826 |
|
| 245 | 1 | 0 |
_aউচ্চতর বীজগণিত = Advanced Algebra / _cহারুন রশীদ |
| 260 |
_aঢাকা : _bবাংলা একাডেমী, _c২০০৩ |
||
| 300 |
_a৩৫৫ পৃ : _bচিত্র ; _c২৪ সেমি. |
||
| 650 |
_aবীজগণিত _9166827 |
||
| 650 |
_aAlgebra _9166828 |
||
| 942 |
_2ddc _cBK |
||
| 999 |
_c12095 _d12095 |
||